000 00548nam a2200169 i 4500
001 145925
003 ES-MaACL
005 20230906201347.0
007 t|
008 071018s1957 sp ||||1| spa d
100 1 _aVega, Víctor de la.
_9113586
245 1 0 _aCuenca íntima /
_cVíctor de la Vega ; dibujos con prólogo de Federico Muelas.
260 _aCuenca :
_bDiputación Provincial,
_c1957.
300 _a8 h, 70 lám. ;
_c28 cm.
710 1 _aCuenca (Provincia).
_bDiputación Provincial.
_93346
852 _aES-MaACL
_jC-12861
_bR.40964
999 _c145925
_d145925